000 00890nmc a2200301 a 4500
003 AR-BaBNM
005 20251128205240.0
008 127019s1986 ||||||||||||||000 | spa||
040 _cAR-BaBNM
100 1 _aLópez Quintás, Alfonso
245 1 0 _aCreatividad y educación
_bla juventud entre el vértigo y el éxtasis
250 _a2ª ed.
260 _aBuenos Aires
_bDocencia
_c1986
300 0 _a162 p.
490 0 _aCongreso Pedagógico. Compromiso y creatividad
_vv. 42
504 _aBibliografía: p. 159-162
650 4 _aFILOSOFIA DE LA EDUCACION
650 4 _aFINALIDADES DE LA EDUCACION
650 4 _aJUVENTUD
650 4 _aINDUCCION
650 4 _aPSICOLOGIA DEL ADOLESCENTE
650 4 _aADOLESCENCIA
650 4 _aCREATIVIDAD
650 4 _aDESARROLLO DE LA CREATIVIDAD
800 1 _aGómez de Mier, Eugenio
_ecoordinador
942 _cBK
998 _csilvi
999 _c10587
_d10587